Geography Quiz

Random Geography or State Quiz

No 'State' University States Quiz Stats

Quiz Updated Feb 29, 2012

Also try: University States
Challenge
Share
Tweet
Embed
Score 0/12 Timer 02:00
1 Play Today
States % Correct
Maine
82.1%
Vermont
75.1%
New Hampshire
73.8%
Rhode Island
69.2%
Alaska
68.5%
Hawaii
64.3%
Massachusetts
53.5%
Wyoming
52.3%
Maryland
51.2%
Nevada
50.5%
Nebraska
43.8%
Wisconsin
42.9%

You're not logged in!

Compare scores with friends on all Sporcle quizzes.
Sign Up with Email
OR
Log In

You Might Also Like...

Show Comments

Extras

Top Quizzes Today


Score Distribution

Your Account Isn't Verified!

In order to create a playlist on Sporcle, you need to verify the email address you used during registration. Go to your Sporcle Settings to finish the process.